000 00625nam a22001697a 4500
003 OSt
005 20171010095458.0
008 120716t xxu||||| |||| 00| 0 eng d
040 _aMMSU
_cULS
100 _aBatoon, Michael M.
_911182
245 _aCytological effect of swollen fingergrass (Chloris barbata (Linn) Sw.) crude extract on paramecium sp. isolated from pond water
_cMichael M. Batoon
260 _c2008
300 _axv, [44] leaves
_c28 cm.
500 _aThesis (BS Biology) -- Mariano Marcos State University-College of Arts & Sciences, Batac City
504 _aBibliography: leaf 27
942 _2ddc
_cTHEDIS
999 _c9638
_d9638